000 00842nam a2200205Ia 4500
005 20260121110121.0
008 008 260114s9999 xx 000 0 hin d
020 _a9788132358480
037 _aEBOOK
040 _aCRL
_bhin
_cCRL
041 _ahin
_2hin
084 _qCRL
100 _aजयश्री राय / Jayashree Rai
_9942254
245 0 _aविश्व की प्राचीन सभ्यताएँ: कला, संस्कृति एवं उन्नत जीवन शैली की प्रतीक / Vishv ki Prachin Sabhyataayein: Kala, Sanskriti aur Unnat Jeevan Shailee ki Prateek
260 _bभाषा प्रकाशन / Bhasha Prakashan
_c2021
856 _uhttps://bhashaprakashan.com/product-details/378989
942 _cEBOOK
999 _c1533919
_d1533919